000 00273nam a22001217a 4500
008 170516b xxu||||| |||| 00| 0 eng d
041 _aeng
080 _a94(4(
100 _a16
101 _aSHH
245 _aEUROPE IN THE AGE OF LOUIS
_cHATTON.R
942 _2udc
_cBK
999 _c13393
_d13393